| 000 | 00500nam a2200193Ia 4500 | ||
|---|---|---|---|
| 008 | 140306s9999 xx 000 0 und d | ||
| 020 | _a8125910735 | ||
| 041 | _aeng | ||
| 082 |
_a658.3 _bARI/CO |
||
| 100 | _aArindam, Chaudhuri | ||
| 245 | _aCount your chickens before they hatch | ||
| 260 |
_aNew Delhi _bVikas Publishing House Pvt .Ltd _c2002 |
||
| 300 | _a192 | ||
| 365 | _bRs.225 | ||
| 650 | _aHRM | ||
| 650 | _aPersonality development | ||
| 650 | _aSelf motivation | ||
| 942 |
_2ddc _cBK |
||
| 999 |
_c181308 _d181308 |
||